000 01435cam a22003977a 4500
003 CHAP
005 20220329141027.0
008 971013s1994 r 00010 d
010 _a61506
011 _a62478
035 _a66652
040 _cCHAP
082 _a634.9751
_bS52
100 0 0 _aSierra Pineda, Antonio.
_9105863
245 1 3 _aLa autoecología del Pinus radiata en la cuenca de México
260 _aChapingo, Méx. :
_bUACH. División de Ciencias Forestales,
_c1994
300 _a150 p.
_b: ilus.
590 _aBATCH-UPD
_b10
_c20130109
_lUCH01
_h2352
590 _aBATCH-UPD
_b10
_c20130110
_lUCH01
_h0742
590 _aBATCH-UPD
_b10
_c20130409
_lUCH01
_h1925
590 _aBATCH-UPD
_b10
_c20130410
_lUCH01
_h0424
590 _aBATCH-UPD
_b10
_c20130914
_lUCH01
_h1252
590 _aCONVERSION
_b10
_c20130109
_lUCH01
_h1333
650 1 4 _aEcología forestal.
_935176
650 1 4 _aPináceas
_xMéxico (D.F.)
_988251
650 1 4 _aPináceas
_xMéxico (Edo.)
_988252
650 1 4 _aPinus radiata.
_988362
650 1 4 _aReforestación.
_995474
700 0 _aRodríguez Trejo, Dante Arturo.
_998938
700 0 _aVázquez Soto, Jesús.
_9120528
901 _aBK
942 _cLIBRO
949 _a634.9751 S52
_bBC
_cLIBRO
_d33724000603585
_eLIBRO
_h91240
_i66652
_si
949 _a634.9751 S52
_bBC
_cLIBRO
_d33724000603676
_eLIBRO
_fc.2
_h91241
_i66652
_si
949 _a634.9751 S52
_bBC
_cUACH
_d33724000603577
_eUACH
_fc.3
_h91242
_i66652
_sb
999 _c61506
_d61506